| 000 | 00781nam a22001937a 4500 | ||
|---|---|---|---|
| 999 |
_c7949 _d7949 |
||
| 003 | LSTLib | ||
| 008 | 231013b ||||| |||| 00| 0 eng d | ||
| 020 | _a18002234 | ||
| 041 | _asin | ||
| 082 | _a301 UYA | ||
| 100 |
_aඋයන්ගොඩ, ජයදේව _915849 |
||
| 245 |
_aසමාජ න්යාය සහ භාවිතය : ජාතික චින්තනයේ ගණදුර _bSamaja Nyaya Saha Bhawithaya |
||
| 260 |
_aකොළඹ _bසමාජ විද්යාඥයින්ගේ සංගමය _c2006 |
||
| 300 |
_aපි.38 _cරු.150.00 |
||
| 650 |
_aසමාජ න්යාය _916919 |
||
| 650 |
_asamaja niyaya _916920 |
||
| 650 |
_aරාජ්ය නිති _916921 |
||
| 942 |
_2ddc _cBC _k301 _mUYA |
||